Library Banner

Site construction details manual (Record no. 55739)

MARC details
000 -LEADER
fixed length control field 00507nam a2200181Ia 4500
001 - CONTROL NUMBER
control field 58475
008 - FIXED-LENGTH DATA ELEMENTS--GENERAL INFORMATION
fixed length control field 140507s9999 xx 000 0 und d
020 ## - INTERNATIONAL STANDARD BOOK NUMBER
International Standard Book Number 0070170398
040 ## - CATALOGING SOURCE
Transcribing agency PK-LaUMT
082 ## - DEWEY DECIMAL CLASSIFICATION NUMBER
Classification number 712
Item number DIN-S
100 ## - MAIN ENTRY--PERSONAL NAME
Personal name Dines, Nicholas T.
245 ## - TITLE STATEMENT
Title Site construction details manual
Remainder of title time-saver standards
Statement of responsibility, etc Dines, Nicholas T.<>Brown, Kyle D.
260 ## - PUBLICATION, DISTRIBUTION, ETC. (IMPRINT)
Place of publication, distribution, etc New York,USA:
Name of publisher, distributor, etc Macmillan Publishing Company,
Date of publication, distribution, etc 1999
300 ## - PHYSICAL DESCRIPTION
Extent 398 p.
546 ## - LANGUAGE NOTE
Language note EN
700 ## - ADDED ENTRY--PERSONAL NAME
Personal name Brown, Kyle D.
942 ## - ADDED ENTRY ELEMENTS (KOHA)
Koha item type Books
Holdings
Withdrawn status Lost status Damaged status Not for loan Home library Current library Date acquired Total Checkouts Full call number Barcode Date last seen Date checked out Price effective from Koha item type
        UMT Main Campus UMT Main Campus 2014-05-07 2 712 DIN-S 77845 2018-03-20 2018-03-12 2014-05-08 Books